Normal view
MARC view
- Angelo P. Paralejas
Entry Personal Name
001 - CONTROL NUMBER
- control field: 3878
003 - CONTROL NUMBER IDENTIFIER
- control field: URS
005 - DATE AND TIME OF LATEST TRANSACTION
- control field: 20230228094800.0
008 - FIXED-LENGTH DATA ELEMENTS
- fixed length control field: 230228|| aca||aabn | a|a d
040 ## - CATALOGING SOURCE
- Original cataloging agency: URS
100 ## - HEADING--PERSONAL NAME
- Personal name: Angelo P. Paralejas
- Relator term: Author